{"text_format":"3","workbook":"xlsx","n_sheets":1,"sheets":["sheet1"],"read":"whole","date_system":"1900"}

{"sheet":"sheet1","index":0,"n_rows":63,"n_cols":15,"rows_kept":63,"merged":[[62,0,62,6]]}
["번호","연월일","후원자","후원자구분","모금(자)기관여부","기부금단체여부","후원품유형","후원품종류","내역","품명","수량","단위","단가(원)","금액(원)","비고"]
[1,"2024-01-25","정*","개인","N",null,"지역사회 후원금품","빵","빵세트","크로플",20,"개",9000,180000]
[2,"2024-01-26","정*","개인","N",null,"지역사회 후원금품","상품권(이용권)","썰매장입장","썰매장입장권",20,"장",25500,510000]
[3,"2024-01-30","이**","개인","N",null,"지역사회 후원금품","식품류","불고기","불고기",1,"봉지",120000,120000]
[4,"2024-01-30","이**","개인","N",null,"지역사회 후원금품","식품류","오징어짬뽕컵라면","오징어짬뽕컵라면",10,"Box",5520,55200]
[5,"2024-02-05","한*********","민간단체","Y","Y","지역사회 후원금품","식품류","김","방풍곱창김",2,"Box",29100,58200]
[6,"2024-02-05","한*********","민간단체","Y","Y","지역사회 후원금품","식품류","감","방풍김",4,"Box",22000,88000]
[7,"2024-02-05","한*********","민간단체","Y","Y","지역사회 후원금품","식품류","김","방풍김",6,"Box",38000,228000]
[8,"2024-02-05","한*********","민간단체","Y","Y","지역사회 후원금품","쌀","쌀","녹차의향기",2,"포대",72800,145600]
[9,"2024-02-05","한*********","민간단체","Y","Y","지역사회 후원금품","생활용품","물티슈","뽀솜이물티슈",12,"개",5000,60000]
[10,"2024-02-07","s****","민간단체","N","Y","지역사회 후원금품","티켓 및 상품권","등유구입권","주유권",60,"장",10000,600000]
[11,"2024-02-23","여**********","민간단체","N","N","지역사회 후원금품","상품권(이용권)","루지체험권","루지체험권",38,"장",17000,646000,"루지체험권 후원"]
[12,"2024-04-05","여**********","비영리법인","Y","Y","지역사회 후원금품","의류","아동의류","의류",2,"Box",300000,600000]
[13,"2024-04-05","여**********","비영리법인","Y","Y","지역사회 후원금품","잡화","신발","운동화",1,"봉지",22000,22000]
[14,"2024-04-05","여**********","비영리법인","Y","Y","지역사회 후원금품","의류품","아동의류","모자",3,"봉지",15000,45000]
[15,"2024-04-05","여**********","비영리법인","Y","Y","지역사회 후원금품","생활용품","학용품","가방",1,"Box",100000,100000]
[16,"2024-04-23","이**","개인","N",null,"지역사회 후원금품","생활용품","화장지","잘풀리는집",4,"봉지",39900,159600]
[17,"2024-05-07","문******","비영리법인","Y","Y","지역사회 후원금품","빵","건빵","건빵",6,"Box",50000,300000]
[18,"2024-05-24","이**","개인","N",null,"지역사회 후원금품","식품류","고기","LA갈비",1,"Kg",150000,150000]
[19,"2024-06-25","여**********","비영리법인","Y","Y","지역사회 후원금품","생활용품","팔토시","팔토시",4,"묶음",19800,79200]
[20,"2024-06-28","L***","민간단체","N","Y","지역사회 후원금품","식품류","생일잔치상차림","치킨",6,"Box",20000,120000]
[21,"2024-06-28","L***","민간단체","N","Y","지역사회 후원금품","식품류","생일파티음식","치킨,피자,케이크",1,"개",205220,205220]
[22,"2024-06-28","L***","민간단체","N","Y","지역사회 후원금품","식품류","생일잔치상차림","피자",6,"Box",25000,150000]
[23,"2024-07-25","이**","개인","N",null,"지역사회 후원금품","식품류","수박","수박",1,"통",22000,22000]
[24,"2024-07-25","이**","개인","N",null,"지역사회 후원금품","생활용품","화장지","잘풀리는집",3,"묶음",39900,119700]
[25,"2024-08-26","이**","개인","N",null,"지역사회 후원금품","식품류","컵라면","불닭볶음면",30,"개",1240,37200]
[26,"2024-09-02","G****","민간단체","N","Y","지역사회 후원금품","쌀","쌀","새청무미",5,"포",75600,378000]
[27,"2024-09-11","한*********","민간단체","Y","Y","지역사회 후원금품","식품류","김","방풍김",5,"Box",22000,110000]
[28,"2024-09-11","한*********","민간단체","Y","Y","지역사회 후원금품","식품류","라면","삼양라면",5,"Box",25128,125640]
[29,"2024-09-11","여*********","비영리법인","Y","Y","지역사회 후원금품","쌀","쌀","거북선에실린쌀",5,"포",27000,135000]
[30,"2024-09-11","우*******","민간단체","N","N","지역사회 후원금품","쌀","쌀","녹차의향기",1,"포",31900,31900]
[31,"2024-09-12","미********","국가기관",null,null,"지역사회 후원금품","식품류","컵라면","신라면컵라면",1,"Box",18590,18590]
[32,"2024-09-12","미********","국가기관",null,null,"지역사회 후원금품","쌀","쌀","몸도튼튼마음도튼튼집밥",1,"Box",21300,21300]
[33,"2024-09-23","이**","개인","N",null,"지역사회 후원금품","생활용품","락스","백광락스",2,"통",8900,17800]
[34,"2024-09-23","이**","개인","N",null,"지역사회 후원금품","생활용품","종량제봉투","20리터종량제봉투",2,"묶음",10000,20000]
[35,"2024-09-23","이**","개인","N",null,"지역사회 후원금품","생활용품","세탁비누","무궁화살균빨래비누",6,"개",7000,42000]
[36,"2024-09-23","이**","개인","N",null,"지역사회 후원금품","생활용품","밀대","벨크로청소기",2,"개",40000,80000]
[37,"2024-09-23","이**","개인","N",null,"지역사회 후원금품","생활용품","걸레","벨크로청소기리필",2,"장",8000,16000]
[38,"2024-09-23","이**","개인","N",null,"지역사회 후원금품","생활용품","유리세정제","윈덱스",2,"개",9000,18000]
[39,"2024-09-23","이**","개인","N",null,"지역사회 후원금품","생활용품","락스","유한락스",3,"통",8000,24000]
[40,"2024-09-23","이**","개인","N",null,"지역사회 후원금품","생활용품","바퀴벌레약","컴배트",3,"개",8300,24900]
[41,"2024-09-23","이**","개인","N",null,"지역사회 후원금품","생활용품","행주","크린랩컬러면행주",2,"봉지",6000,12000]
[42,"2024-10-18","박**","개인","N",null,"지역사회 후원금품","기타","재능기부수업","심리운동",2,"개",98000,196000,"심리운동재능기부수업 "]
[43,"2024-10-31","김**","개인","N",null,"지역사회 후원금품","식품류","과장","구운감자슬림",1,"Box",38900,38900]
[44,"2024-10-31","김**","개인","N",null,"지역사회 후원금품","식품류","과자","맛동산",1,"Box",43500,43500]
[45,"2024-10-31","김**","개인","N",null,"지역사회 후원금품","식품류","과자","버터링",1,"Box",20970,20970]
[46,"2024-10-31","김**","개인","N",null,"지역사회 후원금품","식품류","과자","오예스",1,"Box",59500,59500]
[47,"2024-10-31","김**","개인","N",null,"지역사회 후원금품","식품류","과자","홈런볼",1,"Box",35000,35000]
[48,"2024-11-01","이**","개인","N",null,"지역사회 후원금품","생활용품","화장지","천연펄프화장지",3,"롤",16730,50190]
[49,"2024-11-18","정*","개인","N",null,"지역사회 후원금품","생활용품","치약","2080키즈치약",36,"개",1600,57600]
[50,"2024-11-23","한*********","민간단체","Y","Y","지역사회 후원금품","티켓 및 상품권","점심식사","식권",24,"장",10000,240000]
[51,"2024-11-23","한*********","민간단체","Y","Y","지역사회 후원금품","티켓 및 상품권","한화아쿠아리움견학","입장권",24,"장",20000,480000]
[52,"2024-12-04","이**","개인","N",null,"지역사회 후원금품","생활용품","주방세제","자연퐁",4,"개",9900,39600]
[53,"2024-12-04","이**","개인","N",null,"지역사회 후원금품","생활용품","화장지 ","잘풀리는집",2,"묶음",21110,42220]
[54,"2024-12-13","L***","민간단체","N","Y","지역사회 후원금품","식품류","생일파티상차림","치킨,피자,케이크",1,"개",108300,108300]
[55,"2024-12-18","l***","민간단체","N","N","지역사회 후원금품","빵","케이크 ","빵 및 케이크",1,"묶음",670000,670000]
[56,"2024-12-18","L***","민간단체","N","Y","지역사회 후원금품","빵","케이크 및 빵","케이크 및 빵",1,"묶음",670000,670000]
[57,"2024-12-24","L***","민간단체","N","Y","지역사회 후원금품","식품류","크리스마스선물","롤케잌,주스,과자모음",50,"묶음",10669,533450]
[58,"2024-12-24","이**","개인","N",null,"지역사회 후원금품","식품류","돼지고기","앞다리살",1,"봉지",150000,150000]
[59,"2024-12-31","정*","개인","N",null,"지역사회 후원금품","식품류","커피","동서모카골드믹스",4,"Box",31900,127600]
[60,"2024-12-31","정*","개인","N",null,"지역사회 후원금품","식품류","커피","맥심모카골드심플라떼",1,"개",5250,5250]
[61,"2024-12-31","정*","개인","N",null,"지역사회 후원금품","식품류","라면","삼양라면",3,"Box",31120,93360]
["합계",{"$nulls":9},453,null,null,9537490]